| 000 | 00518nam a22001817a 4500 | ||
|---|---|---|---|
| 005 | 20251108170527.0 | ||
| 008 | 250721s2001 xx 000 0 ara d | ||
| 082 | 1 | 4 | _a792.028/عذا |
| 100 | 1 | _aالعذاري، طارق | |
| 245 | 1 | 0 | _aآفاق مسرحية / |
| 264 | 1 |
_aإربد : _bدار الكندي للنشر، _c2001. |
|
| 300 | _a117ص. | ||
| 650 | 1 | 7 | _aالمسرح |
| 650 | 1 | 7 | _aالأسلوب الأدبي |
| 650 | 1 | 7 | _aالعرض المسرحي ( تدريس ) |
| 942 |
_2ddc _cBK |
||
| 999 |
_c42687 _d42687 |
||